Microsoft Office Access 2003 Step by Step /
Contenido: Introducción a Access 2002; Creación de una nueva base de datos; Cómo introducir y obtener información de una base de datos; Simplificación de la alimentación de datos con formularios; Para localizar información específica; Para mantener correcta la información; Trabajo con reportes; Cómo...
Guardat en:
| Format: | Llibre |
|---|---|
| Idioma: | anglès |
| Publicat: |
Redmond, EUA :
Microsoft,
2004, c2004
|
| Col·lecció: | (Step by Step)
|
| Matèries: | |
| Etiquetes: |
Sense etiquetes, Sigues el primer a etiquetar aquest registre!
|
MARC
| LEADER | 00000nam^a2200000^a^4500 | ||
|---|---|---|---|
| 001 | 000154650 | ||
| 005 | 20250521000000.0 | ||
| 009 | 20260310100401.493 | ||
| 020 | |a 0-7356-1517-9 | ||
| 037 | |a Acervo ITESO - Biblioteca | ||
| 041 | |a ING | ||
| 082 | |a 005. 7565 |b MIC | ||
| 245 | 0 | 0 | |a Microsoft Office Access 2003 Step by Step / |
| 264 | 4 | |a Redmond, EUA : |b Microsoft, |c 2004, c2004 | |
| 300 | |a XLVII, 317 p. + |e 1 disco compacto de computadora | ||
| 336 | |a texto |b txt |2 rdacontenido | ||
| 337 | |a sin mediación |b n |2 rdamedio | ||
| 338 | |a volumen |b nc |2 rdasoporte | ||
| 440 | 1 | |a (Step by Step) | |
| 520 | |a Contenido: Introducción a Access 2002; Creación de una nueva base de datos; Cómo introducir y obtener información de una base de datos; Simplificación de la alimentación de datos con formularios; Para localizar información específica; Para mantener correcta la información; Trabajo con reportes; Cómo hacer fácil el manejo de la base de datos para otros; Seguridad de la información; Trabajo con páginas y módulos. | ||
| 649 | |a XX | ||
| 650 | |a Información - |x Administración | ||
| 650 | |a Bases de Datos | ||
| 650 | |a Manejadores de Bases de Datos | ||
| 650 | |a Proceso Electrónico de Datos | ||
| 650 | |a Proceso de Datos | ||
| 650 | |a Redes de Computadoras | ||
| 650 | |a Comunicación en Red | ||
| 650 | |a Sistemas de Información | ||
| 650 | |a Sistemas Computacionales | ||
| 650 | |a Paquetes (Software) | ||
| 650 | |a Programación (Software) | ||
| 650 | |a Ingeniería Computacional | ||
| 910 | |a Fondo General | ||
| 920 | |a Impresos - Libros | ||
| 930 | |a Colección General | ||
| 905 | |a 101 | ||
| 901 | |a 0500086732 |b IT1 |c ACC |u 20250521 | ||
| 901 | |a SFW0000471 |b IT2 |c SWS |u 20250521 | ||
| 902 | |a https://opac.biblio.iteso.mx/vufind/Record/000154650 | ||